| 000 | 00000nam 2200000za 4500 |
| 001 | 9.846954 |
| 003 | CaOODSP |
| 005 | 20221107153328 |
| 007 | cr ||||||||||| |
| 008 | 171110s1991 oncd #o f000 0 fre d |
| 040 | |aCaOODSP|bfre |
| 043 | |an-cn--- |
| 086 | 1 |aNH18-1/33-1991F-PDF |
| 100 | 1 |aGarrahan, P. |
| 245 | 10|aTeneur en eau du bois de charpente |h[ressource électronique] : |bmesure sur les lieux, enquêtes d'acceptabilité et d'usage / |cpar P. Garrahan, J. Meil et D.M. Onysko. |
| 260 | |aOttawa : |bDivision de la mise en oeuvre des projets, Société canadienne d'hypothèques et de logement, |c1991. |
| 300 | |a2 v. : |bgraph. |
| 500 | |aPubl. aussi en anglais sous le titre : Moisture in framing lumber. |
| 500 | |aTitre de la couv. |
| 500 | |a« Le 31 mars 1991. » |
| 504 | |aComprend des références bibliographiques. |
| 505 | 0 |av. 1. [Rapport] -- v. 2. [Annexes]. |
| 692 | 07|2gccst|aIndustrie du bois d'oeuvre |
| 692 | 07|2gccst|aIndustrie de la construction |
| 700 | 1 |aMeil, J. |
| 700 | 1 |aOnysko, D. M. |
| 710 | 2 |aSociété canadienne d'hypothèques et de logement.|bDivision de la mise en oeuvre des projets. |
| 710 | 2 |aSociété canadienne d'hypothèques et de logement. |
| 775 | 08|tMoisture in framing lumber |w(CaOODSP)9.569579 |
| 856 | 40|qPDF|s4.60 Mo|uhttps://publications.gc.ca/collections/collection_2017/schl-cmhc/NH18-1-33-1991-fra.pdf|zRapport |
| 856 | 40|qPDF|s1.51 Mo|uhttps://publications.gc.ca/collections/collection_2017/schl-cmhc/NH18-1-33-1991-1-fra.pdf|zAnnexes |